[Event "ESP-chT Honor Gp2 49th"]
[Site "Sant Lluis"]
[Date "2005.09.03"]
[Round "4"]
[White "Movsesian, Sergei"]
[Black "Moiseenko, Alexander"]
[Result "1/2-1/2"]
[WhiteElo "2645"]
[BlackElo "2664"]
[Annotator "Roiz,M"]
[PlyCount "63"]
[EventDate "2005.08.31"]
[EventType "team"]
[EventRounds "5"]
[EventCountry "ESP"]
[SourceTitle "CBM 109"]
[Source "ChessBase"]
[SourceDate "2005.11.14"]
[SourceVersion "1"]
[SourceVersionDate "2005.11.14"]
[SourceQuality "1"]

1. e4 c5 2. Nf3 Nc6 3. Nc3 e5 4. Bc4 Be7 5. d3 Nf6 {This move-order became
very fashionable, as it allows Black to avoid a sharp line 5...d6 6.0-0 Nf6 7.
Ng5 0-0 8.f4.} 6. Nd2 (6. Ng5 O-O 7. f4 d5 {-->is another very sharp line
where Black achieves good results.}) 6... d6 7. Nf1 Bg4 8. f3 Be6 9. Ne3 O-O
10. O-O {A well known theoretical position. Black's task is neutralize White's
pressure on the central square d5.} Rb8 {The most common move. Now White has
to deal with the advance b7-b5.} ({The alternative is} 10... Ne8 {[%cal Ge7g5]
intending to exchange the dark-squared bishop.}) 11. a4 {That move weakens the
square b4 which is immediately exploited by Black.} ({The alternatives are:} 
11. Ned5 Nd4 {[%cal Gb7b5]} 12. f4 (12. a4 Nxd5 13. Nxd5 Bg5 14. f4 exf4 15.
Bxf4 Bxf4 16. Rxf4 Qg5 17. Rf2 h6 18. Qf1 Nc6 19. b3 Ne5 $11 {1/2-1/2 Kulaots,
K-Radjabov,T/Moscow RUS 2005 (52)}) 12... exf4 13. Bxf4 Nxd5 14. Bxd5 b5 15.
Bxe6 fxe6 16. Ne2 Bg5 17. Nxd4 cxd4 $11 {0-1 Smeets,J-Eljanov,P/Amsterdam NED
2005 (56)}) ({and} 11. a3 Nd4 12. Ncd5 b5 13. Nxf6+ Bxf6 14. Bd5 Bg5 15. Bxe6
fxe6 16. c3 Nc6 $11 {1/2-1/2 Sutovsky,E-Shabalov,A/Calvia ESP 2004 (35)}) 11...
Nb4 {[%cal Gd6d5]} 12. Bd2 $1 $146 {[%mdl 8] A new method of playing that
system- in all the previous games White tried to prevent the freeing d6-d5!} (
12. Ncd5 {-->leads to a very sharp play. See comments to 1-0 Naiditsch,
A-Mamedyarov,S/ EU-ch 5th Antalya 2004 [Postny]}) 12... d5 {As the following
game shows, this natural freeing move doesn't solve all Black's problems.} ({
It's not easy to find any ''waiting'' move. For instance,} 12... Qd7 13. Ncd5
Bxd5 (13... Nbxd5 14. exd5 Bf5 15. f4 $36) 14. exd5 $14) 13. exd5 Nfxd5 14.
Nexd5 Nxd5 15. Qe1 {That is not the best square for the queen.} ({More natural
looks:} 15. Qe2 {connecting the rooks} Bf6 (15... Nxc3 $6 16. Bxc3 Bxc4 17.
dxc4 f6 18. Rfd1 Qc7 19. Rd5 $14) 16. Rae1 $1 $14 Qd7 $140 $6 17. Bxd5 Bxd5 18.
Nxd5 Qxd5 19. Bc3 Qc6 (19... Rfe8 20. f4 $16) 20. Qe4 $16) 15... Bf6 ({A
tactical attempt to solve the problems fails to:} 15... Nb4 $6 16. Bxe6 Nxc2
17. Qb1 Qxd3 (17... Nxa1 18. Bc4 $16) 18. Rd1 (18. Bb3 Qd4+ 19. Rf2 Nxa1 20.
Qxa1 c4 $13) 18... Qd4+ (18... c4 19. Bxc4 Qd4+ 20. Kh1 Nxa1 21. Ba2 $16) 19.
Kh1 Nxa1 20. Bd5 Rfd8 21. Be1 Qf4 22. Qxa1 $36) 16. Qe4 Nc7 {That retreat
looks very passively, but it's quite the best move.} ({After} 16... Nxc3 $6 17.
Bxc3 Bxc4 18. dxc4 $16 {[%cal Gf1d1,Gd1d5] White has full control of the dark
squares.}) 17. Nb5 ({Good enough looks:} 17. Be3 b6 18. Nb5 Bxc4 19. dxc4 $14 {
with a very pleasant edge.}) 17... Bxc4 18. Qxc4 a6 19. Nxc7 Qxc7 20. a5 $14 {
White has a small but permanent advantage due to the preferablity of his pawn
structure.} Rbd8 21. Bc3 Be7 {It's necessary to remove the bishop from f6.} 22.
Rfe1 ({Premature would be:} 22. f4 $6 exf4 23. Rxf4 Bd6 24. Rh4 Rfe8 $132) ({
An equal alternative would be:} 22. Rae1 Bd6 23. Re4 Kh8 24. Rfe1 f6 $14 {
and Black has a worse but very solid position.}) 22... Bd6 23. Re2 e4 $5 {
Alex decides to change the character of play.} (23... Kh8 {I don't see
anything terrible for Black after} 24. Rae1 f6 $14 {but here Black's position
is quite passive and that's not to everyone's taste!}) 24. Rxe4 {A correct
tackle.} ({It looks like Black is able to equalize after:} 24. Qxe4 Bxh2+ 25.
Kh1 Bg3 26. Qg4 f6 (26... f5 $6 27. Qg5 $14) 27. Ra4 Rde8 28. Rxe8 Rxe8 29. Re4
Rxe4 30. Qxe4 h6 $11) 24... Bxh2+ 25. Kf1 {Now white's king is less safe, but
White has full control of the e-file.} (25. Kh1 Bg3 26. Rg4 Be5 $11) 25... Rfe8
26. Rae1 Rxe4 27. Qxe4 $6 {Not energetical enough.} ({White could still keep
some advantage after:} 27. Rxe4 $142 {[%cal Ge4g4] intending to put pressure
on Black's king-side.} {The strongest reply for black is probably:} h6 (27...
Bd6 28. Rg4 g6 (28... Be5 29. Rg5 Re8 30. Qe4 f6 31. Bxe5 fxe5 (31... Rxe5 32.
Rxe5 fxe5 33. Qc4+ Kf8 34. b4 $16) 32. f4 $16) (28... Bf8 29. Bf6 $1 $16 {
[%cal Gc4c3]}) 29. Re4 $14) 28. f4 {[%cal Gb2b4]} (28. Qa4 $5 $14 {[%cal Ge4e8]
also deserves attention}) 28... Bg3 $14 {while he is ready to meet} 29. b4 $140
{with} Rc8 30. Bd2 Qd8 $1 $132 {[%cal Gd8h4]}) 27... Bd6 28. Qg4 ({White
achieves nothing with} 28. Qa4 Qc8 $11) 28... Bf8 $11 {Black has finally
consolidated. White has no real targets to attack,so Black should be O.K.} 29.
Bf6 {Sergei decides to force a draw.} ({I don't see any plan of improvement
after} 29. Re4 Qc6 $11 {[%cal Gd8e8]}) 29... Ra8 {[%csl Ra5] Now the Pa5 is
hanging,so white has nothing better than 30.Bc3.} ({Possible was also:} 29...
Rc8 30. Re7 Qc6 31. Bc3 Re8 32. Rxe8 Qxe8 $11) 30. Bc3 Rd8 31. Bf6 Ra8 32. Bc3
1/2-1/2

[Event "Olympiad-36"]
[Site "Mallorca"]
[Date "2004.10.15"]
[Round "1"]
[White "Adams, Michael"]
[Black "Haznedaroglu, Kivanc"]
[Result "1-0"]
[WhiteElo "2740"]
[BlackElo "2394"]
[Annotator "Roiz,M"]
[PlyCount "71"]
[EventDate "2004.10.15"]
[EventType "team-swiss"]
[EventRounds "14"]
[EventCountry "ESP"]
[SourceTitle "CBM 104"]
[Source "ChessBase"]
[SourceDate "2005.01.27"]
[SourceVersion "1"]
[SourceVersionDate "2005.01.27"]
[SourceQuality "1"]
[WhiteTeam "England"]
[BlackTeam "Turkey"]
[WhiteTeamCountry "ENG"]
[BlackTeamCountry "TUR"]

1. e4 c5 2. Nf3 Nc6 3. Nc3 e5 4. Bc4 Be7 5. d3 d6 6. Nd2 {A quiet continuation.
White is transfering his knight to e3, there it will control an important
central square d5.} ({The alternative is:} 6. O-O Nf6 7. Ng5 O-O 8. f4 {
with a sharp play.}) 6... Bg5 {A common way-black wants to exchange his
passive dark-squared bishop and to decrease white's pressure on d5.} ({A
common alternative is:} 6... Nf6) 7. h4 {The most ambitious continuation.} (7.
Qh5 Nh6 8. h3 Nd4 9. Bb5+ Kf8 10. Qd1 f5 11. Bc4 g6 12. exf5 Nhxf5 13. Nde4
Bxc1 14. Qxc1 Kg7 $11 {1/2-1/2 Svidler,P-Smirin,I/Moscow 2002/CBM 91 (35)}) ({
Nowdays black doesn't face any problems after:} 7. Nf1 Bxc1 8. Rxc1 Nge7 9. Ne3
O-O 10. O-O Be6 (10... Ng6 11. Ncd5 Nce7 12. Nxe7+ Qxe7 13. c3 Be6 14. Re1 Rac8
15. b3 Qf6 16. g3 Ne7 $11 {1/2-1/2 Kramnik,V-Leko,P/Linares ESP 2004/The Week
in Chess 485 (18)}) 11. f4 exf4 12. Rxf4 Ng6 13. Rf2 Qg5 14. Qd2 Nge5 $11 {
0-1 Grischuk,A-Kramnik,V/Cap D'Agde FRA 2003/The Week in Chess 469 (54)}) 7...
Bh6 {The reputation of that move is not that good, as the bishop is not placed
comfortably here and allows white to weaken black's kside by Qd1-h5.} ({
The exchange on d2 gives white a pair of the bishops, but allows black to
complete the development easily:} 7... Bxd2+ 8. Bxd2 Nf6 9. O-O (9. Nd5 {
-->1-0 Macieja,B-Miton,K/Warsaw 2004/CBM 101/[Postny] (46)}) (9. Bg5 h6 10.
Bxf6 Qxf6 11. Nd5 Qd8 12. Ne3 Qf6 13. c3 Be6 14. Qe2 Rb8 15. a4 a6 16. g3 Ne7
17. O-O O-O $11 {1/2-1/2 Kasparov,G-Leko,P/Linares ESP 2004/The Week in Chess
486 (19)}) (9. a3 Be6 10. Nd5 Bxd5 11. exd5 Ne7 12. Qf3 O-O 13. h5 Nd7 14. b4
f5 15. h6 g6 16. Bg5 Nf6 17. O-O Qc7 $132 {1/2-1/2 Macieja,B-Krasenkow,M/New
Delhi/Teheran 2000/CBM 80 (67)}) 9... O-O (9... Be6 10. Nd5 O-O 11. f4 exf4 12.
Bxf4 Ng4 13. Bg5 Qd7 14. Qd2 f6 15. Bf4 Nge5 $11 {1/2-1/2 Morozevich,A-Leko,P/
Monte Carlo MNC 2004/The Week in Chess 489 (67)}) (9... Bg4 10. f3 Be6 11. Nd5
(11. f4 Bxc4 12. dxc4 h5 13. fxe5 dxe5 14. Bg5 Qxd1 15. Raxd1 Ng4 16. Nb5 O-O
17. c3 f6 18. Bc1 a6 19. Nd6 b6 20. Nf5 Rad8 21. Rd5 Kf7 22. Rfd1 Rxd5 23. cxd5
Rd8 $11 {1/2-1/2 Svidler,P-Leko,P/Dortmund GER 2004/The Week in Chess 508 (25)}
) 11... O-O 12. f4 Ng4 13. g3 exf4 14. Nxf4 Bxc4 15. Qxg4 Ne5 16. Qh5 Be6 17.
Nxe6 fxe6 $11 {1/2-1/2 Shirov,A-Kramnik,V/Monte Carlo MNC 2004/The Week in
Chess 490 (40)}) 10. f4 Ng4 11. Qe1 exf4 12. Bxf4 Nce5 13. Qg3 h5 14. Bg5 Qb6
15. b3 Be6 16. Rad1 Qa5 17. Bd2 Qd8 $11 {1/2-1/2 Naiditsch,A-Anand,V/Dortmund
GER 2004/The Week in Chess 507 (45)}) 8. Qh5 g6 ({Deserves attention:} 8... Qd7
$5 {not weakening the kside} 9. Nd5 (9. Nb5 Nd8 $1) 9... Rb8 10. c3 b5 11. Bb3
Nce7 12. Ne3 c4 13. dxc4 Bxe3 14. fxe3 Nf6 15. Qf3 O-O 16. O-O Ba6 17. cxb5
Qxb5 18. Bc4 Qc6 19. Bxa6 Qxa6 20. c4 h5 21. b3 Ng4 $132 {1/2-1/2 Leko,
P-Kramnik,V/Monte Carlo MNC 2004/The Week in Chess 489 (35)}) 9. Qd1 Nf6 10.
Nf1 {Michael chooses a solid continuation,which promises him a small, but
stable advantage.} ({Black faces more problems after the energetical:} 10. h5
$5 Nd4 (10... Bg4 $5 11. f3 Bd7 12. Bd5 $1 (12. hxg6 hxg6 13. Nb3 Bg7 14. Rxh8+
Bxh8 15. Bg5 $11 {[%csl Rb3] פb3}) 12... Nxh5 13. Nc4 Bf8 14. g4 Nf4 15. Bxf4
exf4 16. Qd2 Ne5 17. Nxe5 $1 (17. O-O-O $2 Qg5 18. d4 Nxc4 19. Bxc4 Bg7 20. e5
cxd4 21. Nd5 Rc8 22. Qxd4 Bxe5 23. Qd3 Be6 24. Bb3 O-O 25. Rd2 Bg7 26. Rdh2 h6
27. Kb1 Rc5 28. Nc3 d5 $17 {Fedorov,A-Morozevich,A/Kishinev Chebanenko mem/
1998/}) 17... dxe5 18. Bxb7 Rb8 19. Bd5 Rxb2 20. Bb3 c4 21. dxc4 Bb4 22. Qd3 $1
O-O $8 (22... Qa5 23. O-O-O Bxc3 24. Qxd7+ Kf8 25. Qd8+ $18 {[%csl Rb2,Gc4]
o^c,צb2}) 23. Kf1 {[%cal Rc3d1] /\Nd1+/= Morozevich}) (10... Nxh5 $2 11. Rxh5
gxh5 12. Qxh5 Bxd2+ (12... Qf6 13. Nd5 Bxd2+ {-12...Bd2}) 13. Bxd2 Qf6 14. Nd5
Qg6 15. Qh4 $1 $16 {[%csl Re8] ->עe8}) (10... Bd7 $2 11. hxg6 hxg6 12. Nf3 $1
$40) 11. hxg6 hxg6 12. Nb3 {[%csl Gb3]} (12. Nf3 $5 Nxf3+ 13. gxf3 Nh5 14. Be3
Kf8 15. Qd2 Kg7 16. O-O-O $36 Qf6 $140 $2 17. Bxh6+ Rxh6 18. Nd5 Qxf3 19. Nc7
Rb8 20. Ne8+ Kh7 21. Nxd6 $18 {1-0 Hector,J-Nyback,T/Skelleftea 2001/CBM 81
ext (41)}) 12... Ng4 $2 (12... Bg7 $142 13. Rxh8+ Bxh8 14. Bg5 (14. Nxd4 $143
cxd4 15. Nd5 Nxd5 16. Bxd5 Qh4 $5 $132) 14... Ne6 15. Qd2 $5 $14 {/=}) 13. Bxh6
Rxh6 14. Rxh6 Nxh6 15. Qd2 Ng8 16. O-O-O $16 {[%cal Rf2f4,Gh1h8] @,/\f4,<->h
1-0 Shirov,A-Lautier,J/ESP-chT Salamanca 1998 [Stohl]}) ({Deserves attention
also:} 10. Nd5 $5 Be6 11. a3 Bxd5 12. exd5 Nb8 13. Qf3 Bg7 14. Ne4 h6 15. b4
cxb4 16. axb4 $14 {1-0 Tseshkovsky,V-Lukin,A/Togliatti 2003/CBM 94 ext (44)})
10... Bxc1 11. Qxc1 Qe7 $5 $146 ({More accurate looks:} 11... Be6 12. Ne3 Qd7 (
12... Ne7 13. Qd2 O-O 14. h5 (14. O-O-O $14) 14... Nxh5 15. O-O-O Kg7 16. g4
Nf4 17. Ng2 g5 18. Nxf4 exf4 19. f3 Rh8 20. Bxe6 fxe6 21. d4 c4 22. e5 d5 $11 {
1/2-1/2 Hector,J-Schandorff,L/Reykjavik 1997/CBM 62 (42)}) 13. Ned5 Bxd5 14.
Nxd5 Nxd5 15. Bxd5 O-O-O 16. c3 f5 $146 17. Qe3 Ne7 18. Bb3 Qc7 19. h5 d5 $2 (
19... Qd7 $5) (19... Rhf8 $5) 20. Bxd5 Nxd5 21. exd5 gxh5 22. c4 $16 {1-0
Kasparov,G-Sutovsky,E/Tel Aviv 1998/CBM 65/[Kostakiev,D] (41)}) 12. Ne3 Be6 13.
Qd2 {Preparing qside castle. After that white could advance his ''f'' pawn,
seizing more space. However, that slow plan allows black to organize a
comfortable defence.} ({I would prefer:} 13. Ncd5 $5 Bxd5 14. Nxd5 Nxd5 15.
Bxd5 O-O-O 16. c3 $14 {with a stable advantage, similar to Kasparov-Sutovsky.})
13... O-O-O {That is practically forced, as the kside is quite compromised by
g7-g6, so the kside castle would be very dangerous.} 14. O-O-O Nd4 $1 {That
move is connected with an idea of keeping the bishop on the board, as now
black make take on d5 with a knight.} ({After} 14... h5 15. Ncd5 Bxd5 16. Nxd5
Nxd5 17. Bxd5 Kb8 18. c3 $14 {[%csl Gd5] white has a very pleasant advantage,
as black has no counterplay at all. At the same time, white may prepare f2-f4
or to play on the qside, using the power of Bd5.}) 15. Kb1 {A profilactic move.
} ({Nothing special gives:} 15. Ncd5 Nxd5 16. Nxd5 Qd7 17. c3 Nc6 {and black
has a passive, but quite solid position.}) 15... Kb8 16. Rhf1 {[%cal Gf2f4]}
Rhf8 17. f3 ({Black was ready to meet} 17. f4 {with} Nh5 $1 18. f5 (18. fxe5
dxe5 {[%csl Rh4]} 19. Bxe6 fxe6 $11) 18... gxf5 19. exf5 Bxc4 20. dxc4 Ng3 $1
21. f6 Qe6 22. Rf2 Rg8 $132) 17... Qd7 $6 {Too passively!} ({Correct was:} 
17... Nh5 $1 18. Qf2 f5 $11) 18. a3 $6 {Allowing black to regroup.} ({Better
was:} 18. g4 $142 $1 $14 {[%cal Gd2g2,Gf3f4] preventing black's next move and
intending to advance the kside pawns in future.}) 18... Nh5 $1 19. g4 (19. Ncd5
f5 $11) 19... Nf4 {[%csl Gd4,Gf4]} 20. Ncd5 f5 {Finally that freeing move
comes.} ({Black could easily equalize after:} 20... Bxd5 $5 21. Nxd5 (21. exd5
$6 Nb5 $1 $15 {[%csl Rc4,Gf4][%cal Gb5c7]}) 21... Nxd5 22. Bxd5 Ne6 $1 {
[%csl Rf4][%cal Ge6f4] and the knight will neutraslize the pressure of Bd5.})
21. gxf5 gxf5 22. c3 Nc6 $2 {An unbelievable mistake! Now black simply loses a
pawn without getting any compensation!} ({At the same time, black wasn't too
far away from the equality:} 22... Bxd5 $142 23. Nxd5 (23. Bxd5 Nxd5 24. Nxd5
Ne6 $11) 23... Nxd5 24. Bxd5 (24. cxd4 $2 Nf4 $15) 24... Ne6 $11 {[%cal Ge6f4]}
) 23. Nxf4 Bxc4 $6 ({More resistant was:} 23... exf4 24. Bxe6 Qxe6 25. Nxf5 Ne7
26. Nxe7 Qxe7 $16 {although white is a heavy pawn up.} {Strongly looks:} 27. d4
$5 Qxh4 28. Rh1 Qe7 29. Rh5 {with a great advantage.}) 24. dxc4 exf4 ({Badly
was also:} 24... fxe4 25. Nfd5 exf3 26. Qc2 Qf7 27. Qe4 $18 {[%cal Gf1f2,Gd1f1]
and white will win the Pf3 very soon.}) 25. Nxf5 Ne5 26. b3 {White is not in a
hurry! Black is unable to hold his weak Pf4.} ({Good enough was also:} 26.
Qxd6+ Qxd6 27. Nxd6 Rf6 28. Rd5 Rfxd6 (28... Nxf3 29. Rxf3 Rdxd6 30. Rxc5 $18)
29. Rxe5 $18 {with 2 extra pawns in the endgame.}) 26... b5 (26... Qe6 27. Kb2
$18 ({not accuarate is:} 27. Qxf4 $6 b5 {and black gets some counterplay.}))
27. cxb5 Qxb5 28. Qd5 $18 {[%csl Gd5,Gf5] Now white has a full domination!
Black is unable to create any threats and forced to wait.} Rf6 29. Rf2 {
White is improving his position little by little.} Qb6 30. Ka2 c4 {That leads
to an immediate loss.} ({A passive strategy was also hopeless. For example:} 
30... Rg6 31. c4 Rd7 32. h5 Rg5 (32... Rf6 33. Qg8+ Qd8 34. Qg5 $18) 33. Qe6
$18) 31. Rb2 {Now black's monarch cannot survive. The rest is an agony, as
white has many winning opportunities.} Nd3 32. Rbb1 Qf2+ 33. Ka1 Nc5 34. bxc4+
Kc7 35. Nd4 (35. e5 $18) 35... Kd7 36. e5 1-0